000 00248nam a2200097Ia 4500
005 20251222114416.0
008 251222s1900||||xx |||||||||||||| ||spa||
082 _aDVD0010/S67/2004
245 0 _aVan Helsing: la aventura vive para siempre:
942 _cDVD
999 _c2233
_d2233